000 00426nam a22001697a 4500
003 MPLRDC
005 20220104125438.0
008 210129b ||||| |||| 00| 0 eng d
082 _a782.879 HF
100 _a禾丰
245 _a梦断宫苑: 清宫太监小德张传奇
_c
250 _a一版一刷
260 _a
_b北岳文艺出版社
_c1986
300 _b
650 _a小德张传记
942 _cBK
_o782.879 HF
999 _c27416
_d27406